[Event "TCh-FRA Top 12 2015"]
[Site "Montpellier FRA"]
[Date "2015.06.06"]
[Round "8.1"]
[Board "1"]
[White "Sasikiran, Krishnan"]
[Black "Fier, Alexandr"]
[Result "1/2-1/2"]
[WhiteTitle "GM"]
[BlackTitle "GM"]
[WhiteElo "2642"]
[BlackElo "2632"]
[WhiteTeam "GRASSE ECHECS"]
[BlackTeam "MONTPELLIER"]
[WhiteFideId "5004985"]
[BlackFideId "2107139"]
[EventDate "2015.05.30"]

1. d4 Nf6 2. Nf3 e6 3. c4 c5 4. Nc3 cxd4 5. Nxd4 a6 6. e4 Qc7 7. a3 b6 8. Be3
Bb7 9. f3 Be7 10. Rc1 d6 11. Be2 O-O 12. O-O Nbd7 13. Qd2 Rac8 14. b4 Rfe8 15.
Kh1 Qb8 16. Rc2 Bd8 17. Na4 Ne5 18. Bg1 h5 19. Bf2 Ng6 20. c5 b5 21. Nb6 Bxb6
22. cxb6 d5 23. Rxc8 Rxc8 24. e5 Nxe5 25. Bg3 h4 26. Bxh4 Nc4 27. Bxc4 dxc4 28.
Bg3 Qa8 29. Be5 Rd8 30. Bxf6 gxf6 31. Qf4 Rd5 32. Qxf6 Qd8 33. Qxd8+ Rxd8 34.
Nc2 Rd2 35. Rc1 e5 36. Kg1 f6 37. Ne1 Kf7 38. Rc2 Rd6 39. Kf2 Ke6 40. Ke2 Rxb6
41. Rd2 Bd5 42. Nc2 c3 43. Rd1 Bb3 44. Rc1 Bc4+ 45. Ke1 Bd3 46. Ne3 Rc6 47. Nd1
c2 1/2-1/2

[Event "TCh-FRA Top 12 2015"]
[Site "Montpellier FRA"]
[Date "2015.06.06"]
[Round "8.1"]
[Board "2"]
[White "Vazquez Igarza, Renier"]
[Black "Dorfman, Iossif"]
[Result "0-1"]
[WhiteTitle "GM"]
[BlackTitle "GM"]
[WhiteElo "2606"]
[BlackElo "2574"]
[WhiteTeam "MONTPELLIER"]
[BlackTeam "GRASSE ECHECS"]
[WhiteFideId "3503054"]
[BlackFideId "604011"]
[EventDate "2015.05.30"]

1. Nf3 c5 2. c4 Nc6 3. Nc3 e5 4. g3 g6 5. Bg2 Bg7 6. a3 Nge7 7. O-O O-O 8. Rb1
a5 9. Ne1 d6 10. Nc2 Be6 11. Ne3 Ra6 12. d3 Bh6 13. Bd2 b6 14. b3 Nd4 15. Ned5
Bxd2 16. Nxe7+ Qxe7 17. Qxd2 Qd7 18. e3 Nc6 19. f4 f5 20. Rbe1 Raa8 21. d4 cxd4
22. exd4 Nxd4 23. Bxa8 Rxa8 24. Qd1 Qc7 25. Rf2 a4 26. bxa4 Bxc4 27. Qd2 Qc5 28.
Qe3 e4 29. Kg2 Nb3 30. Rb2 d5 31. Qxc5 bxc5 32. Reb1 d4 33. Nb5 Rxa4 34. Rxb3
Bxb3 35. Rxb3 Rc4 36. Nd6 Rc2+ 37. Kf1 d3 38. Ke1 c4 39. Rb8+ Kg7 40. Rb7+ Kf6
41. Ne8+ Ke6 42. Nc7+ Kd6 43. Nb5+ Kc5 0-1

[Event "TCh-FRA Top 12 2015"]
[Site "Montpellier FRA"]
[Date "2015.06.06"]
[Round "8.1"]
[Board "3"]
[White "Szabo, Krisztian1"]
[Black "Mista, Aleksander"]
[Result "0-1"]
[WhiteTitle "GM"]
[BlackTitle "GM"]
[WhiteElo "2518"]
[BlackElo "2556"]
[WhiteTeam "GRASSE ECHECS"]
[BlackTeam "MONTPELLIER"]
[WhiteFideId "722901"]
[BlackFideId "1110381"]
[EventDate "2015.05.30"]

1. e4 d6 2. d4 Nf6 3. Nc3 g6 4. f4 Bg7 5. Bd3 O-O 6. Nf3 Nc6 7. O-O e5 8. fxe5
dxe5 9. d5 Ne7 10. Qe1 c6 11. dxc6 Nxc6 12. Qh4 Nb4 13. Bg5 Qb6+ 14. Kh1 Nh5 15.
Be7 Re8 16. Bb5 Nxc2 17. Rac1 Ne3 18. Bxe8 Nxf1 19. Nd5 Qxb2 20. Rxf1 Be6 21.
Nc7 Rc8 22. Nxe6 fxe6 23. Bd7 Nf4 24. Qf2 Rc2 25. Qxa7 h6 26. Qa3 Rxg2 27. Qxb2
Rxb2 28. a3 g5 29. Bd6 Kh7 30. Nxe5 Re2 31. Bb5 Rxe4 32. Nf3 Re3 33. Bc5 Rb3 34.
Ba4 Rb2 35. Bd7 Kg6 36. Rd1 g4 37. Ng1 Be5 38. Bd4 Bxd4 39. Rxd4 Kf5 40. Rd1 h5
41. Rf1 Ke5 42. Re1+ Kd6 43. Rd1+ Ke7 44. Bc8 h4 45. Rd7+ Kf6 46. Rxb7 Rc2 47.
Rb4 Nd3 48. Bb7 h3 49. Nxh3 Nxb4 50. Nf4 Nc6 0-1

[Event "TCh-FRA Top 12 2015"]
[Site "Montpellier FRA"]
[Date "2015.06.06"]
[Round "8.1"]
[Board "4"]
[White "Pelletier, Yannick"]
[Black "Michiels, Bart"]
[Result "1/2-1/2"]
[WhiteTitle "GM"]
[BlackTitle "GM"]
[WhiteElo "2568"]
[BlackElo "2536"]
[WhiteTeam "MONTPELLIER"]
[BlackTeam "GRASSE ECHECS"]
[WhiteFideId "1301837"]
[BlackFideId "202967"]
[EventDate "2015.05.30"]

1. d4 d5 2. c4 c6 3. Nc3 Nf6 4. e3 e6 5. Nf3 Nbd7 6. Bd3 b6 7. O-O Bb7 8. e4
dxe4 9. Nxe4 Be7 10. Qe2 O-O 11. Rd1 Qc7 12. Ne5 c5 13. Bf4 Bxe4 14. Bxe4 Nxe4
15. Qxe4 Nf6 16. Qc6 Bd6 17. Qxc7 Bxc7 18. Bg3 Rfc8 19. dxc5 Bxe5 20. Bxe5 Rxc5
21. Bxf6 gxf6 22. b3 b5 23. cxb5 Rxb5 24. Rac1 a5 25. Rc4 a4 26. Rxa4 Rxa4 27.
bxa4 Rb4 28. Kf1 Rxa4 29. Ra1 Kf8 30. Ke2 Ke7 31. Kd3 Kd6 32. a3 h5 33. h3 h4
34. Kc3 Ra8 35. a4 Rg8 36. Rg1 Kc5 37. Kd3 Kb4 38. g4 hxg3 39. Rxg3 Rd8+ 40. Ke2
Kxa4 41. Rg7 Rh8 42. Rxf7 f5 43. Rf6 Rxh3 44. Rxe6 Kb5 45. Re3 Rh4 46. Rc3 Rc4
47. Rxc4 Kxc4 48. Ke3 1/2-1/2

[Event "TCh-FRA Top 12 2015"]
[Site "Montpellier FRA"]
[Date "2015.06.06"]
[Round "8.1"]
[Board "5"]
[White "Llanes Hurtado, Miguel"]
[Black "Flear, Glenn C"]
[Result "1/2-1/2"]
[WhiteTitle "GM"]
[BlackTitle "GM"]
[WhiteElo "2444"]
[BlackElo "2460"]
[WhiteTeam "GRASSE ECHECS"]
[BlackTeam "MONTPELLIER"]
[WhiteFideId "2206706"]
[BlackFideId "400165"]
[EventDate "2015.05.30"]

1. d4 d5 2. c4 e6 3. Nf3 Nf6 4. g3 Nbd7 5. Bg2 c6 6. Qc2 Bd6 7. O-O O-O 8. Nbd2
Re8 9. Rd1 Qe7 10. Re1 e5 11. cxd5 Nxd5 12. e4 N5b6 13. Nb3 h6 14. Bd2 Bb4 15.
Rad1 Bxd2 16. Qxd2 exd4 17. Qxd4 Nf8 18. Qc3 Bg4 19. h3 Bxf3 20. Bxf3 1/2-1/2

[Event "TCh-FRA Top 12 2015"]
[Site "Montpellier FRA"]
[Date "2015.06.06"]
[Round "8.1"]
[Board "6"]
[White "Libiszewski, Fabien"]
[Black "Pile, Richard"]
[Result "1-0"]
[WhiteTitle "GM"]
[BlackTitle "IM"]
[WhiteElo "2531"]
[BlackElo "2430"]
[WhiteTeam "MONTPELLIER"]
[BlackTeam "GRASSE ECHECS"]
[WhiteFideId "616834"]
[BlackFideId "624110"]
[EventDate "2015.05.30"]

1. e4 c5 2. Nf3 e6 3. d4 cxd4 4. Nxd4 Nc6 5. Nc3 Qc7 6. Be3 a6 7. Qf3 Nf6 8.
O-O-O Nxd4 9. Bxd4 e5 10. Be3 d6 11. h3 Be6 12. g4 Be7 13. g5 Nd7 14. h4 Rc8 15.
Kb1 Qa5 16. Nd5 Bxd5 17. exd5 Nb6 18. h5 Rc7 19. Rh4 Nd7 20. Bd2 Qb6 21. Rb4 Qa7
22. g6 O-O 23. Be3 Qa8 24. Bh3 fxg6 25. Be6+ Kh8 26. Qh3 1-0

[Event "TCh-FRA Top 12 2015"]
[Site "Montpellier FRA"]
[Date "2015.06.06"]
[Round "8.1"]
[Board "7"]
[White "Apicella, Manuel"]
[Black "Daulyte, Deimante"]
[Result "1-0"]
[WhiteTitle "GM"]
[BlackTitle "IM"]
[WhiteElo "2510"]
[BlackElo "2402"]
[WhiteTeam "GRASSE ECHECS"]
[BlackTeam "MONTPELLIER"]
[WhiteFideId "600164"]
[BlackFideId "12802859"]
[EventDate "2015.05.30"]

1. c4 e5 2. Nc3 Nf6 3. Nf3 Nc6 4. g3 d5 5. cxd5 Nxd5 6. Bg2 Nb6 7. O-O Be7 8. a3
O-O 9. b4 Be6 10. Rb1 f6 11. d3 Nd4 12. Nd2 c6 13. Nde4 Bf7 14. Nc5 Qc7 15. Bh3
Nd5 16. Nxd5 Bxd5 17. Bb2 Bxc5 18. bxc5 Qa5 19. Bxd4 exd4 20. Qc1 b6 21. cxb6
axb6 22. Qb2 Rfe8 23. Rfe1 c5 24. Qxb6 Qxb6 25. Rxb6 Rxa3 26. Kf1 Ra2 27. Rd6
Bf7 28. Bg4 h5 29. Bf3 Rc2 30. h4 f5 31. Kg2 g6 32. Ra1 Re7 33. Ra8+ Kg7 34. Rc8
Rc3 35. Rdc6 Be6 36. Rd8 Bf7 37. Bd5 Bxd5+ 38. Rxd5 Rxe2 39. Rd7+ Kf8 40. Rh7
Kg8 41. Ra7 Kf8 42. Rxg6 Re7 43. Ra8+ Re8 44. Ra5 Re5 45. Rc6 Kf7 46. Kf3 Rxd3+
47. Kf4 Re2 48. Ra7+ Kf8 49. Rc8+ Re8 50. Rxc5 Rd2 51. Rxf5+ Kg8 52. Rg5+ Kf8
53. f3 Rd8 54. Rxh5 Kg8 55. Rhh7 Rf8+ 56. Kg4 Rf6 57. h5 Rf2 58. f4 d3 59. Rhg7+
Kh8 60. Rgd7 1-0

[Event "TCh-FRA Top 12 2015"]
[Site "Montpellier FRA"]
[Date "2015.06.06"]
[Round "8.1"]
[Board "8"]
[White "Collas, Silvia"]
[Black "Forestier, Carole"]
[Result "1-0"]
[WhiteTitle "IM"]
[WhiteElo "2306"]
[BlackElo "2072"]
[WhiteTeam "MONTPELLIER"]
[BlackTeam "GRASSE ECHECS"]
[WhiteFideId "2902265"]
[BlackFideId "641405"]
[EventDate "2015.05.30"]

1. e4 e6 2. d4 d5 3. Nd2 Nf6 4. e5 Nfd7 5. c3 c5 6. f4 Nc6 7. Ndf3 Qb6 8. a3 Be7
9. h4 Qc7 10. Bd3 b6 11. Ne2 Bb7 12. f5 Nf8 13. Nf4 O-O-O 14. Qe2 Kb8 15. Nh5 g6
16. f6 gxh5 17. fxe7 Nxe7 18. Ng5 Nf5 19. Bxf5 exf5 20. O-O h6 21. Qxh5 Ng6 22.
Nh3 Bc8 23. Nf4 Nxf4 24. Bxf4 Be6 25. Qe2 c4 26. a4 a6 27. b3 Ka7 28. Rfb1 Rc8
29. g3 Qc6 30. Qe3 Bd7 31. Kf2 Qe6 32. bxc4 Rxc4 33. Rb4 Rc6 34. Rab1 Rhc8 35.
R4b3 Rc4 36. a5 b5 37. Bxh6 Qc6 38. Bg5 Rxc3 39. Rxc3 Qxc3 40. Qxc3 Rxc3 41. Rc1
Rc4 42. Bd2 Kb7 43. Rxc4 dxc4 44. Ke3 f6 45. exf6 Be8 46. d5 Kc7 47. Bb4 Kd7 48.
Kf4 Bf7 49. Kxf5 Bxd5 50. Kg6 Ke8 51. Kg7 Bf7 52. g4 1-0

[Event "TCh-FRA Top 12 2015"]
[Site "Montpellier FRA"]
[Date "2015.06.06"]
[Round "8.2"]
[Board "3"]
[White "Bedouin, Xavier"]
[Black "Van Wely, Loek"]
[Result "0-1"]
[WhiteTitle "IM"]
[BlackTitle "GM"]
[WhiteElo "2336"]
[BlackElo "2653"]
[WhiteTeam "POITIERS-MIGNE"]
[BlackTeam "CLICHY-ECHECS-92"]
[WhiteFideId "617040"]
[BlackFideId "1000268"]
[EventDate "2015.05.30"]

1. e4 d6 2. d4 Nf6 3. Nc3 g6 4. Nf3 Bg7 5. h3 O-O 6. Be3 a6 7. a4 b6 8. Bc4 e6
9. O-O Bb7 10. d5 e5 11. Nd2 Nbd7 12. Be2 Kh8 13. a5 b5 14. Na2 Nc5 15. f3 Nh5
16. c4 bxc4 17. Bxc4 Nf4 18. Kh2 Bc8 19. b4 Nd7 20. Nc3 Qh4 21. Qe1 Qh6 22. Rf2
f5 23. b5 Bf6 24. Bf1 Bh4 25. g3 Bxg3+ 26. Kxg3 Nh5+ 27. Kh2 f4 28. Bb6 cxb6 29.
axb6 Nxb6 30. bxa6 Ng3 31. Nb5 Nxf1+ 32. Qxf1 Bxa6 33. Rxa6 Rxa6 34. Nxd6 Ra2
35. N2c4 Nxc4 36. Nxc4 Rfa8 37. Nxe5 Qh4 38. Rxa2 Rxa2+ 39. Kh1 Qg3 40. Ng4 h5 0-1

[Event "TCh-FRA Top 12 2015"]
[Site "Montpellier FRA"]
[Date "2015.06.06"]
[Round "8.2"]
[Board "4"]
[White "Matlakov, Maxim"]
[Black "Picard, Romain"]
[Result "1-0"]
[WhiteTitle "GM"]
[BlackTitle "IM"]
[WhiteElo "2694"]
[BlackElo "2368"]
[WhiteTeam "CLICHY-ECHECS-92"]
[BlackTeam "POITIERS-MIGNE"]
[WhiteFideId "4168003"]
[BlackFideId "627216"]
[EventDate "2015.05.30"]

1. Nf3 e6 2. d4 f5 3. Bf4 Nf6 4. e3 d6 5. h3 g6 6. Be2 Bg7 7. O-O O-O 8. c4 Qe7
9. Bh2 h6 10. Nc3 Nc6 11. Rc1 Kh7 12. c5 d5 13. a3 a6 14. b4 Ne4 15. Qb3 g5 16.
Nxe4 dxe4 17. Nd2 e5 18. d5 Nd8 19. g4 Nf7 20. Qc4 Nh8 21. gxf5 Bxf5 22. Bg4 Bg6
23. Nxe4 h5 24. d6 cxd6 25. cxd6 Qd8 26. Be6 Nf7 27. Qd5 g4 28. Rc7 Ng5 29.
Nxg5+ 1-0

[Event "TCh-FRA Top 12 2015"]
[Site "Montpellier FRA"]
[Date "2015.06.06"]
[Round "8.2"]
[Board "5"]
[White "Leriche, Luc"]
[Black "Tregubov, Pavel V."]
[Result "0-1"]
[BlackTitle "GM"]
[WhiteElo "2129"]
[BlackElo "2571"]
[WhiteTeam "POITIERS-MIGNE"]
[BlackTeam "CLICHY-ECHECS-92"]
[WhiteFideId "20600291"]
[BlackFideId "4115341"]
[EventDate "2015.05.30"]

1. e4 c5 2. Nf3 e6 3. g3 Nc6 4. Bg2 Nf6 5. d3 d5 6. Qe2 d4 7. e5 Nd5 8. c4 dxc3
9. bxc3 b6 10. O-O Bb7 11. Rd1 Qd7 12. c4 Nde7 13. Bb2 Nf5 14. Na3 Rd8 15. Nc2
Qc8 16. Rab1 Be7 17. Ne3 Nfd4 18. Nxd4 Nxd4 19. Bxd4 Rxd4 20. Bxb7 Qxb7 21. Nc2
Rd7 22. d4 cxd4 23. Nxd4 O-O 24. a4 Rfd8 25. Nb5 h6 26. Nc3 Qc6 27. Rxd7 Rxd7
28. a5 bxa5 29. Rb8+ Rd8 30. Rxd8+ Bxd8 31. Nb5 Bb6 32. Nd6 a4 33. Qh5 g6 34.
Qxh6 Qf3 35. Qd2 a3 36. Nb5 Bxf2+ 0-1

[Event "TCh-FRA Top 12 2015"]
[Site "Montpellier FRA"]
[Date "2015.06.06"]
[Round "8.2"]
[Board "6"]
[White "Hamdouchi, Hicham"]
[Black "Fougerit, Valentin"]
[Result "1-0"]
[WhiteTitle "GM"]
[WhiteElo "2608"]
[BlackElo "2225"]
[WhiteTeam "CLICHY-ECHECS-92"]
[BlackTeam "POITIERS-MIGNE"]
[WhiteFideId "9000011"]
[BlackFideId "634670"]
[EventDate "2015.05.30"]

1. e4 e5 2. Nf3 Nf6 3. Nc3 Nc6 4. d4 exd4 5. Nxd4 Bc5 6. Be3 Bb4 7. Nxc6 bxc6 8.
Qd4 Qe7 9. O-O-O O-O 10. Bg5 Re8 11. Bxf6 gxf6 12. Bc4 Rb8 13. Qxa7 Rb7 14. Qe3
d6 15. Rhe1 Be6 16. Bb3 Ra8 17. Rd3 Bxc3 18. Rxc3 Rb5 19. a4 Rba5 20. f4 c5 21.
f5 Bxb3 22. Qh6 1-0

[Event "TCh-FRA Top 12 2015"]
[Site "Montpellier FRA"]
[Date "2015.06.06"]
[Round "8.2"]
[Board "7"]
[White "Picard, Clement"]
[Black "Lagarde, Maxime"]
[Result "0-1"]
[BlackTitle "GM"]
[WhiteElo "2180"]
[BlackElo "2565"]
[WhiteTeam "POITIERS-MIGNE"]
[BlackTeam "CLICHY-ECHECS-92"]
[WhiteFideId "615455"]
[BlackFideId "662399"]
[EventDate "2015.05.30"]

1. e4 g6 2. d4 Bg7 3. Nc3 d6 4. f4 a6 5. Nf3 b5 6. Bd3 Nd7 7. O-O c5 8. dxc5
Nxc5 9. Be3 Bb7 10. Bxc5 Bxc3 11. Bd4 Bxd4+ 12. Nxd4 Nf6 13. Re1 Qb6 14. Kh1 O-O
15. Nb3 Rac8 16. Qe2 e5 17. Rf1 d5 18. fxe5 Nxe4 19. Nd2 Rce8 20. Nf3 f6 21. a4
bxa4 22. Rxa4 fxe5 0-1

[Event "TCh-FRA Top 12 2015"]
[Site "Montpellier FRA"]
[Date "2015.06.06"]
[Round "8.2"]
[Board "8"]
[White "Malassagne, Isabelle"]
[Black "Le Bail, Clara"]
[Result "1-0"]
[WhiteTitle "WFM"]
[WhiteElo "2139"]
[BlackElo "1976"]
[WhiteTeam "CLICHY-ECHECS-92"]
[BlackTeam "POITIERS-MIGNE"]
[WhiteFideId "20670265"]
[BlackFideId "648167"]
[EventDate "2015.05.30"]

1. e4 e6 2. d4 d5 3. Nc3 Nf6 4. Bg5 dxe4 5. Nxe4 Be7 6. Bxf6 gxf6 7. Qd3 a6 8.
O-O-O f5 9. Nc3 Bf6 10. d5 c6 11. dxe6 Bxe6 12. Qxd8+ Bxd8 13. Nge2 Nd7 14. Nd4
Bg5+ 15. Kb1 O-O-O 16. Nxe6 fxe6 17. Bc4 Rhe8 18. Rhe1 e5 19. Ne2 b5 20. Bb3 Nc5
21. c3 Nd3 22. Rf1 c5 23. c4 b4 24. Bc2 e4 25. Ng3 Ne5 26. b3 Rf8 27. f4 exf3
28. Bxf5+ Kc7 29. Rxd8 Rxd8 30. gxf3 Bf4 31. Ne4 Kb6 32. Nf6 Rd2 33. Nd5+ 1-0

[Event "TCh-FRA Top 12 2015"]
[Site "Montpellier FRA"]
[Date "2015.06.06"]
[Round "8.3"]
[Board "1"]
[White "Krasenkow, Michal"]
[Black "Feller, Sebastien"]
[Result "1/2-1/2"]
[WhiteTitle "GM"]
[BlackTitle "GM"]
[WhiteElo "2610"]
[BlackElo "2626"]
[WhiteTeam "L'ECHIQUIER CHALONNAIS"]
[BlackTeam "EVRY GRAND ROQUE"]
[WhiteFideId "1113100"]
[BlackFideId "634654"]
[EventDate "2015.05.30"]

1. Nf3 Nf6 2. c4 e6 3. d4 d5 4. e3 Be7 5. Nc3 O-O 6. a3 Nbd7 7. b4 a5 8. b5 c5
9. dxc5 Nxc5 10. Bb2 dxc4 11. Bxc4 Qxd1+ 12. Rxd1 Nfd7 13. O-O Nb6 14. Be2 Bd7
15. Ne5 Rfc8 16. Nxd7 Ncxd7 17. Bf3 Nc5 18. Nb1 Bf6 19. Bd4 Rab8 20. Nd2 Bxd4
21. exd4 Nca4 22. Nb3 Nc3 1/2-1/2

[Event "TCh-FRA Top 12 2015"]
[Site "Montpellier FRA"]
[Date "2015.06.06"]
[Round "8.3"]
[Board "2"]
[White "Fedorchuk, Sergey A."]
[Black "Salgado Lopez, Ivan"]
[Result "1/2-1/2"]
[WhiteTitle "GM"]
[BlackTitle "GM"]
[WhiteElo "2657"]
[BlackElo "2616"]
[WhiteTeam "EVRY GRAND ROQUE"]
[BlackTeam "L'ECHIQUIER CHALONNAIS"]
[WhiteFideId "14102536"]
[BlackFideId "2257327"]
[EventDate "2015.05.30"]

1. e4 e6 2. d4 d5 3. Nd2 c5 4. Ngf3 cxd4 5. exd5 Qxd5 6. Bc4 Qd6 7. O-O Nf6 8.
Nb3 Nc6 9. Nbxd4 Nxd4 10. Qxd4 Qxd4 11. Nxd4 1/2-1/2

[Event "TCh-FRA Top 12 2015"]
[Site "Montpellier FRA"]
[Date "2015.06.06"]
[Round "8.3"]
[Board "3"]
[White "Sokolov, Ivan"]
[Black "Battaglini, Gabriel"]
[Result "1-0"]
[WhiteTitle "GM"]
[BlackTitle "IM"]
[WhiteElo "2623"]
[BlackElo "2451"]
[WhiteTeam "L'ECHIQUIER CHALONNAIS"]
[BlackTeam "EVRY GRAND ROQUE"]
[WhiteFideId "14400030"]
[BlackFideId "621650"]
[EventDate "2015.05.30"]

1. d4 Nf6 2. c4 c5 3. d5 e6 4. Nc3 exd5 5. cxd5 d6 6. Nf3 g6 7. Bf4 Bg7 8. Qa4+
Bd7 9. Qb3 b5 10. Bxd6 Qb6 11. Be5 O-O 12. e3 c4 13. Qd1 b4 14. Ne2 Bb5 15. a3
Nbd7 16. Bd4 Qb7 17. axb4 Nxd5 18. Bxg7 Kxg7 19. Ned4 Nxb4 20. Qd2 Nd3+ 21. Bxd3
cxd3 22. O-O Nf6 23. Ra3 Rfd8 24. Rb3 Rd5 25. Rd1 Rb8 26. Qc3 Qd7 27. Rc1 Re8
28. Rxb5 Rxb5 29. Nxb5 Qxb5 30. Rd1 Rb8 31. Rd2 Qa6 32. h3 Kg8 33. Qd4 Rb6 34.
Ne5 Rd6 35. Qf4 Kg7 36. g4 h6 37. h4 Qc8 38. Kg2 Qe6 39. e4 h5 40. g5 Nd7 41.
Nxf7 Rd4 42. Nd8 Qxe4+ 43. Qxe4 Rxe4 44. Rxd3 Ne5 45. Ra3 Rxh4 46. f4 Rg4+ 47.
Kh3 Nc4 48. Rxa7+ Kf8 49. Ne6+ Ke8 50. b4 Nd6 51. Rg7 Ne4 52. Rxg6 Nf2+ 53. Kh2
h4 54. Rh6 h3 55. Rxh3 Nxh3 56. Kxh3 Rg1 57. f5 Kf7 58. Kh4 Rb1 59. Nd8+ Kg7 60.
Nc6 Rg1 61. Kh5 Rh1+ 62. Kg4 Rc1 63. f6+ Kh7 64. Ne7 Kh8 65. Nf5 Rc4+ 66. Kh5
Rf4 67. Kg6 Kg8 68. Ng7 Re4 69. b5 Kf8 70. b6 1-0

[Event "TCh-FRA Top 12 2015"]
[Site "Montpellier FRA"]
[Date "2015.06.06"]
[Round "8.3"]
[Board "4"]
[White "Fargere, Francois"]
[Black "Cossin, Sebastien"]
[Result "1/2-1/2"]
[WhiteTitle "GM"]
[BlackTitle "IM"]
[WhiteElo "2418"]
[BlackElo "2516"]
[WhiteTeam "EVRY GRAND ROQUE"]
[BlackTeam "L'ECHIQUIER CHALONNAIS"]
[WhiteFideId "615935"]
[BlackFideId "618802"]
[EventDate "2015.05.30"]

1. e4 c5 2. Nf3 d6 3. d4 cxd4 4. Qxd4 a6 5. h3 Nc6 6. Qe3 Nf6 7. c4 g6 8. Be2
Bg7 9. O-O O-O 10. Nc3 Nd7 11. Bd2 Nc5 12. Rfd1 f5 13. exf5 Bxf5 14. Be1 e5 15.
Rac1 Qd7 16. Nd5 Rae8 17. Bc3 Nd4 18. b4 Nxe2+ 19. Qxe2 Nd3 20. Ra1 b5 21. cxb5
axb5 22. Ne1 Nxe1 23. Qxe1 Be6 24. Qd2 Qa7 25. Qe3 Qb7 26. Qd2 Ra8 27. a3 Rf7
28. Bb2 Qa7 29. Qe3 Qxe3 30. Nxe3 Ra6 31. Rac1 Bh6 32. Rc3 e4 33. Rc2 Bb3 34.
Rc8+ Rf8 35. Rdc1 Bc4 36. Rc7 Rf7 37. Rc8+ Rf8 38. Rc7 Rf7 39. Rc8+ Rf8 1/2-1/2

[Event "TCh-FRA Top 12 2015"]
[Site "Montpellier FRA"]
[Date "2015.06.06"]
[Round "8.3"]
[Board "5"]
[White "Anic, Darko"]
[Black "Moussard, Jules"]
[Result "0-1"]
[WhiteTitle "GM"]
[BlackTitle "IM"]
[WhiteElo "2393"]
[BlackElo "2444"]
[WhiteTeam "L'ECHIQUIER CHALONNAIS"]
[BlackTeam "EVRY GRAND ROQUE"]
[WhiteFideId "602612"]
[BlackFideId "642908"]
[EventDate "2015.05.30"]

1. Nf3 g6 2. d4 Bg7 3. e4 d6 4. Be2 Nd7 5. c3 e5 6. Bg5 Ngf6 7. dxe5 dxe5 8. Qc2
h6 9. Be3 O-O 10. h3 Qe7 11. Nbd2 a5 12. O-O b6 13. Nc4 Bb7 14. Nfd2 Nc5 15. f3
Nh5 16. Rfe1 Rad8 17. Nb3 Ne6 18. Bf2 Qg5 19. h4 Qf4 20. Qc1 a4 21. Qxf4 Nhxf4
22. Nc1 Nxe2+ 23. Nxe2 Ba6 24. b3 Bxc4 25. bxc4 Rd2 26. Be3 Rd3 27. Kf2 Rfd8 28.
Rac1 Bf8 29. Rc2 Rxe3 30. Kxe3 Bc5+ 31. Nd4 exd4+ 32. Kd2 d3 33. Rb2 a3 34. Rbb1
Nf4 35. g3 Ng2 36. Rf1 Ne3 0-1

[Event "TCh-FRA Top 12 2015"]
[Site "Montpellier FRA"]
[Date "2015.06.06"]
[Round "8.3"]
[Board "6"]
[White "Leroy, Didier"]
[Black "Velten, Paul"]
[Result "0-1"]
[WhiteTitle "IM"]
[BlackTitle "IM"]
[WhiteElo "2277"]
[BlackElo "2457"]
[WhiteTeam "EVRY GRAND ROQUE"]
[BlackTeam "L'ECHIQUIER CHALONNAIS"]
[WhiteFideId "610950"]
[BlackFideId "681091"]
[EventDate "2015.05.30"]

1. g3 e5 2. c4 Nc6 3. Bg2 g6 4. Nc3 Bg7 5. Rb1 a5 6. a3 d6 7. d3 Nf6 8. Nd5 Nxd5
9. cxd5 Ne7 10. e4 c6 11. Ne2 O-O 12. O-O cxd5 13. exd5 Nf5 14. b4 axb4 15. Rxb4
Re8 16. Bb2 Re7 17. h3 Ra5 18. Qb3 b5 19. Bc1 Rb7 20. Re1 Bd7 21. Bb2 Rc7 22.
Rc1 Raa7 23. Rxc7 Qxc7 24. g4 Nd4 25. Nxd4 exd4 26. Bf3 Qc5 27. Kg2 Be5 28. Qd1
f5 29. Qb3 Be8 30. Kf1 Rf7 31. g5 h6 32. h4 hxg5 33. hxg5 Rh7 34. Kg1 Rh4 35.
Qd1 Qc7 36. Qc1 Qd8 37. a4 bxa4 38. Kf1 Rf4 39. Bd1 Rh4 40. Rb7 Rh1+ 41. Ke2 Qa5 0-1

[Event "TCh-FRA Top 12 2015"]
[Site "Montpellier FRA"]
[Date "2015.06.06"]
[Round "8.3"]
[Board "7"]
[White "Favarel, Antoine"]
[Black "Bergez, Luc"]
[Result "0-1"]
[WhiteTitle "FM"]
[BlackTitle "IM"]
[WhiteElo "2374"]
[BlackElo "2327"]
[WhiteTeam "L'ECHIQUIER CHALONNAIS"]
[BlackTeam "EVRY GRAND ROQUE"]
[WhiteFideId "642371"]
[BlackFideId "606600"]
[EventDate "2015.05.30"]

1. c4 c6 2. d4 d5 3. cxd5 cxd5 4. Bf4 Nf6 5. Nc3 Nc6 6. e3 e6 7. Bd3 Be7 8. Rc1
O-O 9. h3 a6 10. Nf3 b5 11. O-O Bb7 12. a3 Na5 13. Ne5 Nc4 14. Nxc4 dxc4 15. Bb1
Nd5 16. Be5 Nxc3 17. Rxc3 Bd6 18. Bxd6 Qxd6 19. Qe2 g6 20. Rd1 Rad8 21. h4 e5
22. Qg4 Qf6 23. Bc2 Bc8 24. Qg5 Qxg5 25. hxg5 exd4 26. exd4 Rd5 27. b3 cxb3 28.
Bxb3 Rxg5 29. Rc7 Rf5 30. d5 Rd8 31. Rdc1 Bd7 32. Ra7 Rf6 33. Rcc7 Rd6 34. f3
Kf8 35. Kf2 Ke8 36. g4 h5 37. gxh5 gxh5 38. Kg3 Rf6 39. Rc1 h4+ 40. Kg2 Rc8 41.
Rxc8+ Bxc8 42. d6 Rxd6 43. Bxf7+ Kd8 44. Bh5 Rd2+ 45. Kg1 Ra2 46. Bg6 Rxa3 47.
Be4 h3 48. Bc6 b4 49. f4 b3 50. Be4 Ra4 51. Bb7 b2 0-1

[Event "TCh-FRA Top 12 2015"]
[Site "Montpellier FRA"]
[Date "2015.06.06"]
[Round "8.3"]
[Board "8"]
[White "Milliet, Sophie"]
[Black "De Seroux, Camille"]
[Result "1-0"]
[WhiteTitle "IM"]
[BlackTitle "WFM"]
[WhiteElo "2369"]
[BlackElo "2115"]
[WhiteTeam "EVRY GRAND ROQUE"]
[BlackTeam "L'ECHIQUIER CHALONNAIS"]
[WhiteFideId "623725"]
[BlackFideId "1305620"]
[EventDate "2015.05.30"]

1. e4 c5 2. Nf3 d6 3. d4 cxd4 4. Nxd4 Nf6 5. Nc3 Nc6 6. Bg5 Qb6 7. Be3 Qa5 8.
Nb3 Qc7 9. Nd5 Nxd5 10. exd5 Ne5 11. Bb5+ Bd7 12. Bxd7+ Qxd7 13. O-O Nc4 14. Qd4
Rc8 15. Rfe1 Rg8 16. Qxa7 Nxe3 17. Rxe3 g6 18. Na5 Bg7 19. Rb3 b6 20. Qxb6 Rxc2
21. Nc6 f6 22. Re1 e5 23. Qa6 Qf5 24. Rb8+ 1-0